| 000 | 00890nam a22002537a 4500 | ||
|---|---|---|---|
| 005 | 20120824112638.0 | ||
| 008 | 120824t xxu||||| |||| 00| 0 eng d | ||
| 010 | _aENG-105620 | ||
| 020 |
_c175.00 _a9789382246220 |
||
| 035 | _aEN-89153 | ||
| 037 | _bDBAD/PUB | ||
| 040 |
_aDPL _bEng |
||
| 082 | _a302.2 | ||
| 100 | _951282 | ||
| 245 |
_aEffective communication skills / _cedited by Shital Parkash [and] M.K. Agarwal |
||
| 260 |
_aChandigarh _bUnistar Books _c2012 |
||
| 270 |
_aS.C.O.26-27, Sector 34A _bChandigarh _e160022 |
||
| 300 |
_a160p. _c24cm(pbk) |
||
| 490 |
_aEfficient office series-3 _951444 |
||
| 700 |
_aShital Parkash _951445 |
||
| 700 |
_aAgarwal, M.K. _951446 |
||
| 942 |
_2ddc _cEN _mEFF _h302.2 |
||
| 999 |
_c69281 _d69281 |
||